000 00980nam a2200265Ia 4500
003 OSt
005 20220923212848.0
006 a|||||r|||| 00| 0
007 ta
008 220922b |||||||| |||| 00| 0 hin d
024 _a156,379
037 _cTextual
040 _aARTS
_cARTS
_bhin
041 _2hin
_ahin
082 _aO152:f, K0;K9
100 _aसिन्हा, सावित्री; स्नातक, वियेन्द्र
_9162789
245 0 _aअनुसंधान की प्रक्रिया
246 _aAnusandhān kī prakriyā
250 _aसंस्क0 2
260 _aदिल्ली
_b नेशनल पब्लि0 हाउस
_c1969
300 _a9] 173 पृ.
_ccm.
650 _aहिन्दी साहित्य
_9156264
942 _hO152:f, K0;K9
_cTEXL
_2CC
999 _c311697
_d311697